Samozdanenie pri dovoze tovaru
S účinnosťou od 1. 7. 2025 sa v SR zavádza inštitút samozdanenia pri dovoze tovaru pre platiteľov, ktorí spĺňajú zákonom stanovené podmienky (nebude sa týkať všetkých dovozcov tovaru). Colný úrad a daňový úrad ako správcovia DPH pri dovoze tovaru. Daňová povinnosť pri dovoze tovaru. Samozdanenie od...
Guardado en:
| Autor principal: | |
|---|---|
| Formato: | Capítulo de libro |
| Lenguaje: | eslovaco |
| Materias: | |
| Etiquetas: |
Sin Etiquetas, Sea el primero en etiquetar este registro!
|
MARC
| LEADER | 00000naa a2200000 4500 | ||
|---|---|---|---|
| 001 | 0308422 | ||
| 005 | 20250502144731.1 | ||
| 041 | 0 | |a slo | |
| 044 | |a SK | ||
| 245 | 1 | 0 | |a Samozdanenie pri dovoze tovaru |c Jaroslava Betáková |
| 520 | |a S účinnosťou od 1. 7. 2025 sa v SR zavádza inštitút samozdanenia pri dovoze tovaru pre platiteľov, ktorí spĺňajú zákonom stanovené podmienky (nebude sa týkať všetkých dovozcov tovaru). Colný úrad a daňový úrad ako správcovia DPH pri dovoze tovaru. Daňová povinnosť pri dovoze tovaru. Samozdanenie od 1. 7. 2025. Status schválených hospodárskych subjektov – SHS (Authorized Economic Operators, AEO). Samozdanenie od 1. 1. 2026 – druhá etapa zavedenia samozdanenia pri dovoze tovaru. Nesplnenie podmienok pre uplatnenie samozdanenia v rámci centralizovaného colného konania. Výhody samozdanenia pre platiteľov. Uvádzanie samozdanenia v daňovom priznaní. | ||
| 610 | 2 | 0 | |a účtovníctvo daňové |
| 610 | 2 | 0 | |a dane z hodnoty pridanej |
| 610 | 2 | 0 | |a dovoz |
| 610 | 2 | 0 | |a pohyb tovaru |
| 610 | 2 | 0 | |a systémy daňové |
| 610 | 2 | 0 | |a povinnosť daňová |
| 610 | 2 | 0 | |a zákony |
| 610 | 2 | 0 | |a novelizácia |
| 610 | 2 | 0 | |a Európska únia |
| 100 | 1 | |a Betáková, Jaroslava | |